000 00347pab a2200145 454500
008 180718b1999 xxu||||| |||| 00| 0 eng d
100 _aDouglas, Rachel
245 _aRussia cold shoulders IMF
260 _c1999
300 _ap.12-15
362 _a13 Feb
650 _aInternational monetary systems
773 _aYoung Indian
909 _a40171
999 _c40171
_d40171